U.S. General Knowledge #36 - Statistics

General Stats
  • This quiz has been taken 21,132 times
    11,716 since last reset
  • The average score is 12 of 20
Answer Stats
Question Answer % Correct
What is the only U.S. state whose name starts with the letter G? Georgia
99%
What scandal caused Richard Nixon to resign from office? Watergate
87%
In political cartoons, what animal represents the Democratic Party? Donkey
79%
What sport is Tony Hawk famous for? Skateboarding
77%
Who became, in the late 1990s, the most notorious White House intern in history? Monica Lewinsky
75%
What is either a common French first name or the capital of South Dakota? Pierre
74%
Who is thought to have likely fathered children with his slave, Sally Hemings? Thomas Jefferson
72%
What animal is the NBC logo supposed to be? Peacock
70%
What kind of bar is decorated in a Polynesian style and might serve its cocktails with decorative umbrellas? {Tiki} Bar
68%
What Greek word, meaning "I have found it", is the state motto of California? Eureka
66%
What is the official language of the United States? There isn't one
64%
What country is Melania Trump from originally? Slovenia
62%
What tiny Carribean island nation did the U.S. invade in 1983? Grenada
55%
What company owns Sam's Club? Walmart
55%
What "football" does the President always have near him? {Nuclear} Football
53%
Kansas is known for being "flatter than a pancake", but according to researchers it is only the 7th flattest state. Which state is actually the flattest? Florida
52%
What brand bills itself as "the quicker picker-upper"? Bounty
51%
Which one of the Muppets was culinary and Nordic? The Swedish Chef
45%
What diminutive sex advice columnist was trained as a sniper by Israeli militants? Dr. Ruth Westheimer
27%
What does the Herman Miller company make? Furniture
19%
No matching quizzes found
Score Distribution
Percent of People with Each Score
Percentile by Number Answered
Your Score History
You have not taken this quiz since the last reset